Българската адвокатура (Запис номер 105396)
[ съкратено ]
| 000 -Лидер | |
|---|---|
| Контролно поле с фиксирана дължина | 01838nam a2200385 c 4500 |
| 003 - Код на организацията, давaща контролен номер | |
| Контролно поле | BLK |
| 005 - Дата и час на последна редакция | |
| Контролно поле | 20230614115932.0 |
| 008 - Елементи от данни с фиксирана дължина | |
| fixed length control field | 180409b bul|||||r ||||||| ||bul|| |
| 010 ## - Наследен системен номер | |
| LC control number | KNG00110618000 |
| 020 ## - Международен стандартен номер на книга ISBN | |
| Международен стандартен номер на книга ISBN | 954-730-184-5 |
| -- | издат.: Сиби |
| 040 ## - Източник на каталожния запис | |
| Идентификатор на билиотеката - собственик на записа | BLK |
| 041 ## - Код за език | |
| Код за езика на текст/звукозапис или на отделно заглавие | Български |
| Код за езика КДБФ | Български |
| 080 ## - УДК | |
| Текстов определител УДК | Съдебни лица, юристи, съдебни изпълнители(лица, действащи в гражданско съдопроизводство)-Нотариуси, съдии, прокуратура, прокурори, пълномощници, адвокати и др. |
| УДК код - определител по УДК | 347.96 |
| УДК определител | (497.2)(091) |
| УДК - код + определител | 347.96(497.2)(091) |
| 100 1# - Редна дума - Автор | |
| Автор | Добчев, Петко Запрянов |
| Авторска отговорност | първи автор |
| R(LIN) | 370532 |
| 139 ## - Редно поле | |
| Редна дума | Добчев, Петко Запрянов |
| Авторски знак | Добро - Д 68 |
| 245 10 - Сведения за заглавието | |
| Заглавие | Българската адвокатура |
| Подзаглавни данни | 1878 - 2000 |
| Редно поле (дума) | Петко Запрянов Добчев; под ред. на Даниела Стефанова Доковска. |
| 257 ## - Страна на издаване | |
| Страна на създаване/издаване | България |
| 260 ## - Област на издателските данни | |
| -- | София |
| Име на издателя, разпространителя и проч. | Сиби |
| Година на издаване | 2003 |
| Печатница | В. Търново : Абагар |
| 300 ## - Физическа характеристика | |
| Страници | 631 с. |
| Размери/Мащаб | 21 см |
| 380 ## - Жанр | |
| Жанр | Обществени науки |
| 500 ## - Общи забележки | |
| Забележка | Офс. изд. - 1 000 тир. - Библиогр. с. 462-594 ; Именен показалец ; Рез. на рус., англ., нем., фр. ез. |
| 504 ## - Забележка за наличие на библиография и др | |
| Забележка за наличие на библиография и под. | 462-594 |
| 650 #4 - Допълнително описание по предмет – тема | |
| Основно описание – тема или топоним | Адвокатура - България |
| 9 (RLIN) | 267627 |
| 651 #4 - Допълнително описание по предмет - топоним | |
| Географско понятие | България |
| 9 (RLIN) | 241624 |
| 653 ## - Ключова дума – ненормативна | |
| Ключова дума | адвокатура |
| 653 ## - Ключова дума – ненормативна | |
| Ключова дума | България |
| 653 ## - Ключова дума – ненормативна | |
| Ключова дума | история |
| 700 1# - Други автори (авторска отговорност) | |
| Лично име | Доковска, Даниела Стефанова |
| Автороска отговорност (Описва отношението между автора и произведението) | под ред. на |
| 9 (RLIN) | 368915 |
| 852 ## - Местоположение | |
| Форматна сигнатура | Цб 217729 |
| 856 4# - Електронен адрес и достъп | |
| Електронен формат | pdf - файл |
| Път до файла /url/ | |
| 856 4# - Електронен адрес и достъп | |
| Електронен формат | pdf - файл |
| Път до файла /url/ | |
| 942 ## - АРТИКУЛИ | |
| Вид на библиотечния материал | Книги |
| Скрит в OPAC | Не |
| Koha issues (borrowed), all copies | 1 |
| 944 ## - СЪЗДАВАНЕ И РЕДАКЦИЯ на ЗАПИСА | |
| Създаване/Редакция | Създаване |
| Дата на регистрацията/редакция | 29.01.2004 |
| Статус, дата на статуса | ф / |
| Служител, извършил регистрацията/редакцията | Людмила_Стоянова |
| 944 ## - СЪЗДАВАНЕ И РЕДАКЦИЯ на ЗАПИСА | |
| Създаване/Редакция | Редакция |
| Дата на регистрацията/редакция | 11.08.2011 |
| Статус, дата на статуса | ф / |
| Служител, извършил регистрацията/редакцията | |
| 999 ## - СИСТЕМНИ КОНТРОЛНИ НОМЕРА | |
| Koha biblionumber | 105396 |
| Koha biblioitemnumber | 105396 |
| Код за отписване | Код за изгубен артикул | Източник на класификационната схема | Код за повреда | Коз за рестрикции | Код за отдаване | Артикулен № | Име на библиотеката - собственик | Име на библиотеката, в която се намира в момента | Статус (Текущо местоположение) | Дата на вписване в системата | Местоположение - отдел | Цена в лева | Инвентарен номер | Систематично азбучна сигнатура | Баркод | Номер на екземпляра | Цена в евро | Служебна бележка | Служебен тип на артикула |
|---|---|---|---|---|---|---|---|---|---|---|---|---|---|---|---|---|---|---|---|
| Изтеглен | Не е изгубен | Universal Decimal Classification | Не е повреден | без рестрикции | заемане за дома | 170196 | Регионална библиотека "Любен Каравелов" Русе | Регионална библиотека "Любен Каравелов" Русе | Заемна - подръчен фонд | 2004-01-29 | Заемна - подръчен фонд | 25.00 | 120000682138 | П 347/Д 66 | 120000682138 | 1 | 12.78 | Дост: DA Вид: А N: 2 Дата: 28.01.2004 | Книги |
| Не е изгубен | Не е повреден | без рестрикции | ползва се в читалня | 170197 | Регионална библиотека "Любен Каравелов" Русе | Регионална библиотека "Любен Каравелов" Русе | Хранилище | 2004-11-22 | Хранилище | 25.00 | 120000690337 | Цб 217729 | 120000690337 | 2 | 12.78 | Дост: Dp Вид: Д N: 7 Дата: 04.02.2004 | Книги | ||
| Не е изгубен | Не е повреден | без рестрикции | заемане за дома | 170198 | Регионална библиотека "Любен Каравелов" Русе | Регионална библиотека "Любен Каравелов" Русе | Заемна - подръчен фонд | 2011-07-04 | Заемна - подръчен фонд | 25.00 | 120000751704 | П 347/Д 66 | 120000751704 | 3 | 12.78 | Дост: DA Вид: А N: 11 Дата: 04.07.2011 Дата инв: 23.02.2018 Бележки инв: П2018 | Книги |